000
00250 a2200097 4500
001
29753
100
_a
Sonde
245
_a
Monographs on solid state electronic instrumentation data converters (Vol-III)
260
_a
_b
Tata
_c
090
_c
19770
_d
19770
942
_a
NUST-CAE
_c
M
_c
10858
999
_c
264826
_d
264826